Vista normal Vista MARC

Entrada Materia (geográfica)

Número de registros utilizados en: 1

001 - CONTROL NUMBER

  • control field: 183520

003 - CONTROL NUMBER IDENTIFIER

  • control field: Co-BoUCM

005 - DATE AND TIME OF LATEST TRANSACTION

  • control field: 20241016081210.0

008 - FIXED-LENGTH DATA ELEMENTS

  • fixed length control field: 241016|| aca||aabn | a|a d

040 ## - CATALOGING SOURCE

  • Original cataloging agency: Co-BoUCM
  • Transcribing agency: Co-BoUCM

151 ## - HEADING--GEOGRAPHIC NAME

  • Geographic name: Colombia
  • General subdivision: Historia
  • Chronological subdivision: Revolución, 1899-1903

670 ## - SOURCE DATA FOUND

  • Source citation: Work cat.: (Co-BoUCM): Jaramillo Castillo, Carlos Eduardo 183518, Los guerrilleros del novecientos, 2022